00675cam a22002057a 4500003000500000005001700005008004100022010001000063011001000073035001000083040000900093100003200102245012800134260004100262300002200303502007700325650002000402650002900422650001800451CHAP20220329141847.0980313d1997 mx r 00110 spa d a74917 a75889 a85462 cCHAP00aBaeza López, Juan Carlos.10aProducción de chile pimiento tipo Bell (Capsicum annum L.) en hidroponia bajo invernaderoc/por Juan Carlos Baeza López aChapingo, Méx. :bEl autor,c1997. a62 h. :bgráfs. aTesis (Ing. Agr. Esp. en Fitotecnia) -- UACH. Departamento de Fitotecnia14aChile pimiento.14aCultivos en invernadero.14aHidroponía.